Поиск образующих полиномов для построения декодеров, исправляющих пакетные ошибки с применением технологий параллельных вычислений; Высокопроизводительные вычислительные системы и технологии; № 1 (8)

מידע ביבליוגרפי
Parent link:Высокопроизводительные вычислительные системы и технологии.— , 2011-
№ 1 (8).— 2018.— [С. 97-101]
מחבר ראשי: Мыцко Е. А. Евгений Алексеевич
מחבר תאגידי: Национальный исследовательский Томский политехнический университет Инженерная школа информационных технологий и робототехники Отделение информационных технологий
סיכום:Заглавие с экрана
Рассмотрен алгоритм поиска образующих полиномов для построения декодера, исправляющего пакетные ошибки в процессе передачи данных по каналам связи с помехами. Предложен алгоритм и программная реализация алгоритма поиска образующего полинома с применением технологии параллельных вычислений OpenMP, позволяющей ускорить решение поставленной задачи. Результаты исследования реализации показали, что применение параллельных вычислений позволяет ускорить в среднем до 192% решение поставленной задачи (при использовании 4 ядер процессора) по сравнению с последовательной реализацией без OpenMP.
An algorithm of the generator polynomial search for the decoder construction for correcting burst errors during the data transmission over channels with interference is considered. The algorithm and software implementation of the algorithm for the generator polynomial search with the OpenMP parallel computing technology which allows speeding up the task solution are proposed. In the results the usage of parallel computing technology allows to accelerate up the task to 192% (with 4 processor cores) compared to sequential implementation without OpenMP.
Режим доступа: по договору с организацией-держателем ресурса
שפה:רוסית
יצא לאור: 2018
נושאים:
גישה מקוונת:https://elibrary.ru/item.asp?id=36293121
פורמט: אלקטרוני Book Chapter
KOHA link:https://koha.lib.tpu.ru/cgi-bin/koha/opac-detail.pl?biblionumber=658817

MARC

LEADER 00000naa0a2200000 4500
001 658817
005 20250217122236.0
035 |a (RuTPU)RU\TPU\network\26914 
090 |a 658817 
100 |a 20181127d2018 k||y0rusy50 ca 
101 0 |a rus 
102 |a RU 
135 |a drcn ---uucaa 
181 0 |a i  
182 0 |a b 
200 1 |a Поиск образующих полиномов для построения декодеров, исправляющих пакетные ошибки с применением технологий параллельных вычислений  |f Е. А. Мыцко 
203 |a Текст  |c электронный 
300 |a Заглавие с экрана 
320 |a [Библиогр.: с. 101 (5 назв.)] 
330 |a Рассмотрен алгоритм поиска образующих полиномов для построения декодера, исправляющего пакетные ошибки в процессе передачи данных по каналам связи с помехами. Предложен алгоритм и программная реализация алгоритма поиска образующего полинома с применением технологии параллельных вычислений OpenMP, позволяющей ускорить решение поставленной задачи. Результаты исследования реализации показали, что применение параллельных вычислений позволяет ускорить в среднем до 192% решение поставленной задачи (при использовании 4 ядер процессора) по сравнению с последовательной реализацией без OpenMP. 
330 |a An algorithm of the generator polynomial search for the decoder construction for correcting burst errors during the data transmission over channels with interference is considered. The algorithm and software implementation of the algorithm for the generator polynomial search with the OpenMP parallel computing technology which allows speeding up the task solution are proposed. In the results the usage of parallel computing technology allows to accelerate up the task to 192% (with 4 processor cores) compared to sequential implementation without OpenMP. 
333 |a Режим доступа: по договору с организацией-держателем ресурса 
461 1 |t Высокопроизводительные вычислительные системы и технологии  |d 2011- 
463 1 |t № 1 (8)  |v [С. 97-101]  |d 2018 
610 1 |a электронный ресурс 
610 1 |a труды учёных ТПУ 
610 1 |a алгоритмы 
610 1 |a поиск 
610 1 |a полиномы 
610 1 |a параллельные вычисления 
610 1 |a декодеры 
700 1 |a Мыцко  |b Е. А.  |c специалист в области информатики и вычислительной техники  |c программист Томского политехнического университета  |f 1991-  |g Евгений Алексеевич  |3 (RuTPU)RU\TPU\pers\32945  |9 16793 
712 0 2 |a Национальный исследовательский Томский политехнический университет  |b Инженерная школа информационных технологий и робототехники  |b Отделение информационных технологий  |3 (RuTPU)RU\TPU\col\23515 
801 2 |a RU  |b 63413507  |c 20181127  |g RCR 
856 4 |u https://elibrary.ru/item.asp?id=36293121 
942 |c CF